Skip to main content
Your cart is empty.
Your lists
Log in to create your own lists
Your cookies
العربية
English
العربية
Home
Search
Advanced search
Authority search
About
The noble scholar, jurist, historian
His Excellency Dr. Abdul Wahhab bin Ibrahim Abu Sulaiman, may Allah have mercy on him.
He was born in Umm Al-Qura in the year 1356 AH.
Library catalog
Title
Author
Subject
ISBN
ISSN
Series
Call number
Log in to your account
×
Login:
Password:
Home
MARC view: أضواء على تاريخ توران تركستان /
Normal view
MARC view
ISBD view
أضواء على تاريخ توران تركستان / (Record no. 11902)
[
view plain
]
MARC details
000 -LEADER
fixed length control field
01012cam a22002531i 4500
003 - CONTROL NUMBER IDENTIFIER
control field
SA-RiAUC
005 - DATE AND TIME OF LATEST TRANSACTION
control field
20250918071157.0
008 - FIXED-LENGTH DATA ELEMENTS--GENERAL INFORMATION
fixed length control field
250917q19001999su o g i00010 ara c
040 ## - CATALOGING SOURCE
Original cataloging agency
SA-JeALM
Language of cataloging
ara
Transcribing agency
SA-RiAUC
Description conventions
rda
043 ## - GEOGRAPHIC AREA CODE
Geographic area code
a-ir---
082 04 - DEWEY DECIMAL CLASSIFICATION NUMBER
Classification number
958.4
Assigning agency
SA-RiAUC
090 ## - LOCALLY ASSIGNED LC-TYPE CALL NUMBER (OCLC); LOCAL CALL NUMBER (RLIN)
Classification number (OCLC) (R) ; Classification number, CALL (RLIN) (NR)
958.4
Local cutter number (OCLC) ; Book number/undivided call number, CALL (RLIN)
ا ك ر
100 1# - MAIN ENTRY--PERSONAL NAME
Personal name
أكرم، السيد عبد المؤمن السيد
Relator term
مؤلف.
245 10 - TITLE STATEMENT
Title
أضواء على تاريخ توران تركستان /
Statement of responsibility, etc.
السيد عبد المؤمن السيد أكرم. تقديم احمد محمد جمال
246 30 - VARYING FORM OF TITLE
Title proper/short title
تاريخ توران
264 #1 - PRODUCTION, PUBLICATION, DISTRIBUTION, MANUFACTURE, AND COPYRIGHT NOTICE
Place of production, publication, distribution, manufacture
مكة المكرمة :
Name of producer, publisher, distributor, manufacturer
رابطة العالم الإسلامي،
Date of production, publication, distribution, manufacture, or copyright notice
[بين 1900 و1999]
300 ## - PHYSICAL DESCRIPTION
Extent
209 صفحة :
Other physical details
صور ؛
Dimensions
24 سم
336 ## - CONTENT TYPE
Content type term
نص
Content type code
txt
Source
rdacontent
Materials specified
كتاب
337 ## - MEDIA TYPE
Media type term
بدون وسيط
Media type code
n
Source
rdamedia
651 #7 - SUBJECT ADDED ENTRY--GEOGRAPHIC NAME
Geographic name
تركستان
General subdivision
تاريخ
Source of heading or term
aucsh
700 ## - ADDED ENTRY--PERSONAL NAME
Personal name
جمال، احمد محمد
Relator term
مقدم.
942 ## - ADDED ENTRY ELEMENTS (KOHA)
Source of classification or shelving scheme
Dewey Decimal Classification
Koha item type
Books
Suppress in OPAC
No
949 ## - LOCAL PROCESSING INFORMATION (OCLC)
a
SA-JeALM
d
250917
u
osman123
n
1
Holdings
Withdrawn status
Lost status
Source of classification or shelving scheme
Damaged status
Not for loan
Home library
Current library
Date acquired
Total checkouts
Full call number
Barcode
Date last seen
Price effective from
Koha item type
Dewey Decimal Classification
DR AbdElwahab Library
DR AbdElwahab Library
09/18/2025
958.4 ا ك ر
000019187
09/18/2025
09/18/2025
Books
Dewey Decimal Classification
DR AbdElwahab Library
DR AbdElwahab Library
09/21/2025
958.4 ا ك ر
000019237
09/21/2025
09/21/2025
Books
Dewey Decimal Classification
DR AbdElwahab Library
DR AbdElwahab Library
09/28/2025
958.4 ا ك ر
000019569
09/28/2025
09/28/2025
Books
Place hold
Print
Add to your cart
(remove)
Save record
BIBTEX
Dublin Core
MARCXML
MARC (non-Unicode/MARC-8)
MARC (Unicode/UTF-8)
MARC (Unicode/UTF-8, Standard)
MODS (XML)
RIS
ISBD
More searches
Search for this title in:
Other Libraries (WorldCat)
Other Databases (Google Scholar)
Online Stores (Bookfinder.com)
Open Library (openlibrary.org)
Exporting to Dublin Core...
×
Simple DC-RDF
OAI-DC
SRW-DC